000
002920000a22000970004500
100
1
_a
Frolov, Serge
245
1
0
_a
Returning the ticket : God and his prophet in the book of Jonah
300
_a
Núm 86 (1999), Páginas 85-105
773
0
_t
Journal for the Study of the Old Testament
942
_c
ANA
999
_c
54750
_d
54750